<?xml version="1.0" encoding="UTF-8"?>
<record
    xmlns:xsi="http://www.w3.org/2001/XMLSchema-instance"
    xsi:schemaLocation="http://www.loc.gov/MARC21/slim http://www.loc.gov/standards/marcxml/schema/MARC21slim.xsd"
    xmlns="http://www.loc.gov/MARC21/slim">

  <leader>05683nam a2200589Ii 4500</leader>
  <controlfield tag="001">DIGPOLIF0129</controlfield>
  <controlfield tag="003">NyNyDIG</controlfield>
  <controlfield tag="006">m     o  d        </controlfield>
  <controlfield tag="008">200330s2013    sp ab   ob    100 0 spa d</controlfield>
  <controlfield tag="007">cr |||||||||||</controlfield>
  <datafield tag="035" ind1=" " ind2=" ">
    <subfield code="a">(OCoLC)1148121824</subfield>
  </datafield>
  <datafield tag="040" ind1=" " ind2=" ">
    <subfield code="a">DGITA</subfield>
    <subfield code="b">eng</subfield>
    <subfield code="e">rda</subfield>
    <subfield code="e">pn</subfield>
    <subfield code="c">DGITA</subfield>
  </datafield>
  <datafield tag="020" ind1=" " ind2=" ">
    <subfield code="z">9788496813830</subfield>
  </datafield>
  <datafield tag="020" ind1=" " ind2=" ">
    <subfield code="z">8496813835</subfield>
  </datafield>
  <datafield tag="020" ind1=" " ind2=" ">
    <subfield code="z">9788496813816</subfield>
    <subfield code="q">(obra completa)</subfield>
  </datafield>
  <datafield tag="020" ind1=" " ind2=" ">
    <subfield code="z">8496813819</subfield>
    <subfield code="q">(obra completa)</subfield>
  </datafield>
  <datafield tag="041" ind1="0" ind2=" ">
    <subfield code="a">spa</subfield>
    <subfield code="a">eng</subfield>
    <subfield code="a">fre</subfield>
    <subfield code="a">ita</subfield>
  </datafield>
  <datafield tag="043" ind1=" " ind2=" ">
    <subfield code="a">e------</subfield>
    <subfield code="a">e-sp---</subfield>
  </datafield>
  <datafield tag="050" ind1="1" ind2="4">
    <subfield code="a">DP192 ebook</subfield>
  </datafield>
  <datafield tag="082" ind1="0" ind2="4">
    <subfield code="a">946.055</subfield>
  </datafield>
  <datafield tag="245" ind1="0" ind2="3">
    <subfield code="a">La Corte de los Borbones.</subfield>
    <subfield code="n">Volumen II :</subfield>
    <subfield code="b">crisis del modelo cortesano /</subfield>
    <subfield code="c">Jos&#xE9; Mart&#xED;nez Mill&#xE1;n, Concepci&#xF3;n Camarero Bull&#xF3;n, Marcelo Luzzi Traficante (coords.).</subfield>
  </datafield>
  <datafield tag="246" ind1="3" ind2=" ">
    <subfield code="a">Corte de los Borbones :</subfield>
    <subfield code="b">crisis del modelo cortesano</subfield>
  </datafield>
  <datafield tag="264" ind1=" " ind2="1">
    <subfield code="a">Madrid :</subfield>
    <subfield code="b">Ediciones Polifemo,</subfield>
    <subfield code="c">[2013]</subfield>
  </datafield>
  <datafield tag="300" ind1=" " ind2=" ">
    <subfield code="a">1 online resource :</subfield>
    <subfield code="b">illustrations, maps.</subfield>
  </datafield>
  <datafield tag="336" ind1=" " ind2=" ">
    <subfield code="a">text</subfield>
    <subfield code="2">rdacontent</subfield>
  </datafield>
  <datafield tag="337" ind1=" " ind2=" ">
    <subfield code="a">computer</subfield>
    <subfield code="b">c</subfield>
    <subfield code="2">rdamedia</subfield>
  </datafield>
  <datafield tag="338" ind1=" " ind2=" ">
    <subfield code="a">online resource</subfield>
    <subfield code="b">cr</subfield>
    <subfield code="2">rdacarrier</subfield>
  </datafield>
  <datafield tag="347" ind1=" " ind2=" ">
    <subfield code="a">text file</subfield>
    <subfield code="2">rdaft</subfield>
  </datafield>
  <datafield tag="347" ind1=" " ind2=" ">
    <subfield code="b">PDF</subfield>
  </datafield>
  <datafield tag="490" ind1="1" ind2=" ">
    <subfield code="a">Colecci&#xF3;n La corte en Europa. Temas ;</subfield>
    <subfield code="v">8 (Volumen II)</subfield>
  </datafield>
  <datafield tag="500" ind1=" " ind2=" ">
    <subfield code="a">Proceedings of a conference organized by the Instituto Universitario La Corte en Europa en la Universidad Aut&#xF3;noma de Madrid and held December 14-16, 2011.</subfield>
  </datafield>
  <datafield tag="504" ind1=" " ind2=" ">
    <subfield code="a">Includes bibliographical references.</subfield>
  </datafield>
  <datafield tag="505" ind1="0" ind2=" ">
    <subfield code="a">Las fiestas de la embajada espa&#xF1;ola en Venecia con ocasi&#xF3;n del matrimonio del infante don Felipe y Luisa Isabel de Francia (1739-1740) / Javier S&#xE1;nchez M&#xE1;rquez -- La crisis del modelo desde las instituciones "perif&#xE9;ricas" : &#xE9;lites urbanas y din&#xE1;micas de poder en Galicia a finales de Antiguo R&#xE9;gimen / Mar&#xED;a L&#xF3;pez D&#xED;az -- Fernando VII, "el tirano de Espa&#xF1;a" : liberales exiliados contra la monarqu&#xED;a borb&#xF3;nica / Juan Luis Simal Dur&#xE1;n -- De corte a ciudad liberal : Madrid visto por los soldados polacos / Grzegorz B&#x105;k -- En busca del consenso : las &#xE9;lites tucumanas frente a la pol&#xED;tica real (1764-1789) / Guillermo Nieva Ocampo -- Reform and difference : Bourbon family policy and thought, 1770-1812 / Nicholas Miller -- Monarcas y gobiernos ante la Independencia de Am&#xE9;rica (1780-1818) : nuevos reinos y cesiones territoriales como elementos de negociaci&#xF3;n y pacificaci&#xF3;n / Jos&#xE9; Miguel Delgado Barrado -- En las redes palatinas : de damas intrigantes a se&#xF1;oras pol&#xED;ticas / M&#xAA; Victoria L&#xF3;pez- Cord&#xF3;n Cortezo -- Viejos y nuevos t&#xED;tulos en la corte de los Borbones / Pere Molas Ribalta -- V&#xED;ctimas ilustradas del despotismo : el conde de Superunda, culpable y reo, ante el conde de Aranda / Jos&#xE9; Luis G&#xF3;mez Urd&#xE1;&#xF1;ez -- Los hombres de Felipe V en el Reino de Mallorca al comienzo de su reinado (1701-1706) / Josep Juan Vidal -- Gritos, honras y blasones : el papel de los Reyes de Armas durante el reinado de Felipe V / Jos&#xE9; Antonio Guill&#xE9;n Berrendero -- La imagen de Felipe V y su entorno cortesano a trav&#xE9;s de la correspondencia de Madame la duquesa de Orle&#xE1;ns / Jos&#xE9; Antonio L&#xF3;pez Anguita -- "El beneficio de la fidelidad" : Melchor Macanaz y la casa de Villena (1694-1706) / Francisco Precioso Izquierdo -- El duque de San Germ&#xE1;n, virrey de Navarra, y la Guerra de Devoluci&#xF3;n (1667-1668) / Javier Revilla Canora -- El papel pol&#xED;tico del padre R&#xE1;vago en la corte de Fernando VI / Niccol&#xF2; Guasti -- Cortesanas, redes clientelares y espionaje : los casos de la duquesa de Berwick y Liria y de la marquesa de Salas / Naiara Pav&#xED;a Dopazo -- Teresa Montalvo O'Farrill : una "saloni&#xE8;re" criolla en la sociedad espa&#xF1;ola finisecular / Gloria A. Franco Rubio -- De Berber&#xED;a al Chaco : el intendente Garc&#xED;a Pizarro y las fronteras de la monarqu&#xED;a espa&#xF1;ola / Rub&#xE9;n Gonz&#xE1;lez Cuerva -- Les diplomates &#xE0; la Cour d'Espagne : acteurs et t&#xE9;moins / Lucien B&#xE9;ly -- Le Service d'Honneur du duc d'Orl&#xE9;ans, "Philippe VIII", ou la derni&#xE8;re mort de la cour des Bourbons de France / Philippe Loup&#xE8;s -- "Le inclinazioni della Corte" : alcune considerazioni sulla "Istoria delle guerre avvenute in Europa e particolarmente in Italia per la Successione alla Monarchia delle Spagne" di Francesco Maria Ottieri / Francesca Fausta Gallo -- Felipe de Borb&#xF3;n, el ducado de Parma y la corte de Madrid / Mirella Mafrici -- Privilegios provinciales y autoridad regia en tiempos de transici&#xF3;n din&#xE1;stica : la causa del duque de Airola (1699-1702) / Roberto Quir&#xF3;s Rosado -- Il sovrano e la moglie "ministro" : Carlo Emanuele IV e Maria Clotilde di Francia : rapporti personali e politici tra i reali di Sardegna / Federica Contu.</subfield>
  </datafield>
  <datafield tag="546" ind1=" " ind2=" ">
    <subfield code="a">Contributions in Spanish, one in English, two in French and two in Italian.</subfield>
  </datafield>
  <datafield tag="588" ind1="0" ind2=" ">
    <subfield code="a">Online resource; title from PDF title page (Digitalia, viewed April 1, 2020)</subfield>
  </datafield>
  <datafield tag="651" ind1=" " ind2="0">
    <subfield code="a">Spain</subfield>
    <subfield code="x">History</subfield>
    <subfield code="y">Bourbons, 1700-</subfield>
    <subfield code="v">Congresses.</subfield>
  </datafield>
  <datafield tag="600" ind1="3" ind2="0">
    <subfield code="a">Bourbon, House of</subfield>
    <subfield code="v">Congresses.</subfield>
  </datafield>
  <datafield tag="650" ind1=" " ind2="0">
    <subfield code="a">Monarchy</subfield>
    <subfield code="z">Spain</subfield>
    <subfield code="v">Congresses.</subfield>
  </datafield>
  <datafield tag="655" ind1=" " ind2="7">
    <subfield code="a">Conference papers and proceedings.</subfield>
    <subfield code="2">lcgft</subfield>
  </datafield>
  <datafield tag="655" ind1=" " ind2="0">
    <subfield code="a">Electronic books.</subfield>
  </datafield>
  <datafield tag="700" ind1="1" ind2=" ">
    <subfield code="a">Mart&#xED;nez Mill&#xE1;n, Jos&#xE9;,</subfield>
    <subfield code="e">editor.</subfield>
  </datafield>
  <datafield tag="700" ind1="1" ind2=" ">
    <subfield code="a">Camarero Bull&#xF3;n, Concepci&#xF3;n,</subfield>
    <subfield code="e">editor.</subfield>
  </datafield>
  <datafield tag="700" ind1="1" ind2=" ">
    <subfield code="a">Luzzi Traficante, Marcelo,</subfield>
    <subfield code="e">editor.</subfield>
  </datafield>
  <datafield tag="710" ind1="2" ind2=" ">
    <subfield code="a">Universidad Aut&#xF3;noma de Madrid.</subfield>
    <subfield code="b">Instituto Universitario "La Corte en Europa",</subfield>
    <subfield code="e">organizing body.</subfield>
  </datafield>
  <datafield tag="791" ind1="2" ind2=" ">
    <subfield code="a">Digitalia (Firm),</subfield>
    <subfield code="e">distributor.</subfield>
  </datafield>
  <datafield tag="793" ind1="0" ind2=" ">
    <subfield code="g">Digitalia eBook Collection:</subfield>
    <subfield code="a">Ediciones Polifemo.</subfield>
  </datafield>
  <datafield tag="776" ind1="0" ind2="8">
    <subfield code="i">Print version:</subfield>
    <subfield code="t">Corte de los Borbones.</subfield>
    <subfield code="d">Madrid : Ediciones Polifemo, 2013</subfield>
    <subfield code="z">9788496813830</subfield>
  </datafield>
  <datafield tag="830" ind1=" " ind2="0">
    <subfield code="a">Colecci&#xF3;n La Corte en Europa.</subfield>
    <subfield code="p">Temas ;</subfield>
    <subfield code="v">8.</subfield>
  </datafield>
  <datafield tag="856" ind1="4" ind2="0">
    <subfield code="3">Digitalia Hisp&#xE1;nica</subfield>
    <subfield code="u">https://www.digitaliapublishing.com/a/57937/</subfield>
  </datafield>
  <datafield tag="910" ind1=" " ind2=" ">
    <subfield code="a">Premium collection: 2020</subfield>
  </datafield>
  <datafield tag="942" ind1=" " ind2=" ">
    <subfield code="c">RAA</subfield>
  </datafield>
  <datafield tag="952" ind1=" " ind2=" ">
    <subfield code="0">0</subfield>
    <subfield code="1">0</subfield>
    <subfield code="4">0</subfield>
    <subfield code="7">0</subfield>
    <subfield code="8">DEH</subfield>
    <subfield code="a">BD-UIN</subfield>
    <subfield code="b">BD-UIN</subfield>
    <subfield code="d">2025-04-25</subfield>
    <subfield code="l">0</subfield>
    <subfield code="r">2025-04-25</subfield>
    <subfield code="w">2025-04-25</subfield>
    <subfield code="y">RAA</subfield>
  </datafield>
  <datafield tag="999" ind1=" " ind2=" ">
    <subfield code="c">255614</subfield>
    <subfield code="d">255614</subfield>
  </datafield>
</record>
